Monthly statistics of international trade

Uložené v:
Podrobná bibliografia
Médium: Seriál
Jazyk:English
Vydavateľské údaje: Paris OECD 2003
Edícia:Statistics
Predmet:
Tagy: Pridať tag
Žiadne tagy, Buďte prvý, kto otaguje tento záznam!

MARC

LEADER 00000nas2a2200000 4500
001 0052682
005 20230317103902.5
022 |a 0256-1743 
041 0 |a eng 
044 |a FR 
245 1 0 |a Monthly statistics of international trade 
264 1 |a Paris  |b OECD  |c 2003 
490 1 |a Statistics 
830 0 |a Statistics 
773 0 |w eu_un_cat*s124257 
610 2 0 |a obchod medzinárodný